| 000 | 00816cam a2200253 a 4500 | ||
|---|---|---|---|
| 001 | 000009677 | ||
| 005 | 20200929161652.0 | ||
| 008 | 840822s1969 ho a 000 d spa d | ||
| 040 |
_aDO-SdBNP _bspa _cLC _dBNPHU |
||
| 082 |
_aHo862.44 _bM875t |
||
| 100 | 1 |
_aMorris Bermudez, Andrés. _924577 |
|
| 245 | 1 | 0 |
_aTrilogía istmica : _bel guarizama, oficio de hombres, la miel del abejorro / _cAndrés Morris. |
| 260 |
_aTegucigalpa : _bUniversidad Nacional Autónoma de Honduras, _c1969. |
||
| 300 |
_a144 p. : _bil. ; _c28 cm. |
||
| 490 | 1 | _aTeatro | |
| 650 | 4 |
_aTeatro hondureño _924578 |
|
| 650 | 4 |
_aLiteratura hondureña _9836 |
|
| 740 | 3 | _aEl guarizama. | |
| 740 | 0 | _aOficio de hombres. | |
| 740 | 3 | _aLa miel del abejorro. | |
| 830 | 0 |
_aTeatro _95617 |
|
| 910 | _aCatalogación por copia / LC | ||
| 049 | _aBNGR | ||
| 999 |
_c9437 _d9437 |
||